000 00230nam a22000857a 4500
008 170113b xxu||||| |||| 00| 0 eng d
100 _92404
_aAsian Publication
245 _aExplore : G. K-3
260 _aNew Delhi
_bAsian Publication
_c2004
999 _c5435
_d5435